Statistiques concernant Culture Générale - Série 878

Cliquez ici pour prendre le quiz!

Statistiques générales

  • Ce quiz a été pris 103 fois
  • Le résultat moyen est 5 sur 10

Statistiques - réponses

QuestionRéponse% Correct
Selon l'expression, subir un échec c'est "faire chou...blanc
96%
En France, en quelle année fut créée la Ve République ?1958
80%
Qu'est-ce qui peut être d'astronome ou des toilettes ?lunette
78%
La péninsule Ibérique est composée de 3 états : Espagne, Portugal et ...Andorre
69%
À quel écrivain doit-on “Salammbô” et “L'Éducation sentimentale” ?Gustave Flaubert
62%
De quelle danse Léo Ferré est-il nostalgique, en 1958 ?tango
38%
Monique Serf était le véritable nom de la chanteuse ...Barbara
35%
Quel port d'Égypte, sur la Méditerranée, est situé à l'entrée du canal de Suez ?Port-Saïd
26%
Quel fromage normand est parfois surnommé le “colonel” ?Le livarot
20%
Qui a écrit les aventures de “Chéri-Bibi” ?Gaston Leroux
10%

Distribution des résultats

Percentile par nombre de réponses

% des personnes avec chaque résultat

Votre développement - résultats

Vous n’avez pas pris ce quiz